UM Logo

A course module for teaching math in the primary grades/ (Record no. 16190)

MARC details
000 -LEADER
fixed length control field 00836nam a22002177a 4500
008 - FIXED-LENGTH DATA ELEMENTS--GENERAL INFORMATION
fixed length control field 210622b ||||| |||| 00| 0 eng d
020 ## - INTERNATIONAL STANDARD BOOK NUMBER
International Standard Book Number 9786210403749
082 ## - DEWEY DECIMAL CLASSIFICATION NUMBER
Edition number 2020
Classification number DFil 372.7
Item number C834
100 ## - MAIN ENTRY--PERSONAL NAME
Personal name Gusano, Riza C.,
Dates associated with a name author.
9 (RLIN) 43364
245 ## - TITLE STATEMENT
Title A course module for teaching math in the primary grades/
Statement of responsibility, etc. Riza C. Gusano [and three others].
250 ## - EDITION STATEMENT
Edition statement First Edition
260 ## - PUBLICATION, DISTRIBUTION, ETC. (IMPRINT)
Place of publication, distribution, etc. Manila:
Name of publisher, distributor, etc. Rex Bookstore,
Date of publication, distribution, etc. ©2020.
300 ## - PHYSICAL DESCRIPTION
Extent iii, 155 pages:
Other physical details illustrations;
Dimensions 25 cm.
500 ## - GENERAL NOTE
General note Includes bibliographical references and index.
650 ## - SUBJECT ADDED ENTRY--TOPICAL TERM
Topical term or geographic name as entry element Mathematics, Elementary education.
9 (RLIN) 43365
700 ## - ADDED ENTRY--PERSONAL NAME
Personal name Masangkay, Mark Zoel J.,
Numeration author.
9 (RLIN) 43366
700 ## - ADDED ENTRY--PERSONAL NAME
Personal name Rocena, Lady Angela M.,
Numeration author.
9 (RLIN) 43367
700 ## - ADDED ENTRY--PERSONAL NAME
Personal name Unida, Melanie C.,
Numeration author.
9 (RLIN) 43368
700 ## - ADDED ENTRY--PERSONAL NAME
Personal name Pawilen, Greg T.,
Numeration coordinator.
9 (RLIN) 43363
942 ## - ADDED ENTRY ELEMENTS (KOHA)
Source of classification or shelving scheme Dewey Decimal Classification
Koha item type Filipiniana
Holdings
Withdrawn status Lost status Source of classification or shelving scheme Damaged status Not for loan Collection code Home library Current library Shelving location Date acquired Source of acquisition Total Checkouts Full call number Barcode Date last seen Date last checked out Copy number Price effective from Koha item type
    Dewey Decimal Classification     Filipiniana UM Digos College - LIC UM Digos College - LIC Book Cart 05/12/2021 Purchased 8 DFil 372.7 C834 2020 26151 01/20/2026 01/20/2026 1 06/22/2021 Filipiniana
    Dewey Decimal Classification     Filipiniana UM Digos College - LIC UM Digos College - LIC Book Cart 05/12/2021 Purchased 4 DFil 372.7 C834 2020 26152 09/02/2025 08/28/2025 2 06/22/2021 Filipiniana
    Dewey Decimal Classification     Filipiniana UM Digos College - LIC UM Digos College - LIC Book Cart 05/12/2021 Purchased 1 DFil 372.7 C834 2020 26153 05/15/2025 08/16/2024 3 06/22/2021 Filipiniana